00472nam a2200157 i 4500001000300000100002000003245004200023260002100065040000800086041000800094942000700102008004100109999001700150856009800167952004900265bg1 aKOLENDA, Janusz 0aHałas na statkach /cJanusz Kolenda. aGdańsk,c1979. cBPK apol cKS s pl f |000 0 pol  c19105d19105 uhttp://koha.tu.koszalin.pl/cgi-bin/koha/opac-detail.pl?biblionumber=19105yKatalog online BPK 00104070aBPKbBPKcwo26819p01104509yKS